[Event "20080326 - Reto #2"]
[Site "http://www.queenalice.com/game.php?id=377515"]
[Date "2008.3.26"]
[Round "-"]
[White "SRIVERO"]
[Black "Broly"]
[Result "0-1"]
[WhiteElo "1709"]
[BlackElo "1897"]

1. d4 g6 2. Nf3 Bg7 3. e4 Nf6 4. Bd3 O-O 5. O-O d6 6. c4 c5 7. Nc3 Na6 8. a3
cxd4 9. Nxd4 Nc5 10. Bc2 Bd7 11. b4 Ne6 12. Bb2 Nxd4 13. Qxd4 Ng4 14. Qd1 Rc8
15. Bd3 Ne5 16. Nd5 Nxc4 17. Bxg7 Kxg7 18. Rc1 Nb6 19. Rxc8 Bxc8 20. Re1 e5 21.
Qf3 Nxd5 22. exd5 f5 23. Qg3 f4 24. Qf3 Rf7 25. Be4 Rc7 26. g3 Qg5 27. h4 Qf6
28. h5 Qg5 29. hxg6 hxg6 30. Kg2 b5 31. Rh1 Bg4 32. Qd3 Rc4 33. Bf3 Bf5 34. Qe2
Rc2 35. Qxc2 Bxc2 36. g4 e4 37. Be2 f3+ 0-1

[Event "20080326 - Reto #3"]
[Site "http://www.queenalice.com/game.php?id=377516"]
[Date "2008.3.26"]
[Round "-"]
[White "SRIVERO"]
[Black "Broly"]
[Result "0-1"]
[WhiteElo "1689"]
[BlackElo "1801"]

1. d4 e6 2. c4 Nf6 3. Nc3 Bb4 4. Qc2 O-O 5. e3 c5 6. Nf3 cxd4 7. exd4 b6 8. Bd3
Bb7 9. O-O Bxf3 10. gxf3 Nc6 11. a3 Nxd4 12. Qd1 Bxc3 13. bxc3 Nc6 14. Be4 Rc8
15. Bg5 Ne5 16. Bxf6 Qxf6 17. Kh1 Rxc4 18. Qc2 d5 19. Bxh7+ Kh8 20. Rg1 Rh4 21.
Rg3 Qh6 22. f4 Rxh2+ 0-1

[Event "20080326 - Reto #5"]
[Site "http://www.queenalice.com/game.php?id=377518"]
[Date "2008.3.26"]
[Round "-"]
[White "Broly"]
[Black "SRIVERO"]
[Result "1-0"]
[WhiteElo "1500"]
[BlackElo "1701"]

1. b4 e5 2. Bb2 Bxb4 3. Bxe5 f6 4. Bb2 Nc6 5. e3 d5 6. Nf3 g5 7. Nxg5 h6 8. Qh5+
Kd7 9. Nf7 Qe8 10. Qxd5+ Bd6 11. Nxh8 Nge7 12. Qf3 Be5 13. Bxe5 Nxe5 14. Qxf6
N7g6 15. Nxg6 Nxg6 16. Bc4 Ne7 17. Qd4+ 1-0

[Event "Let's Play Chess!"]
[Site "http://www.queenalice.com/game.php?id=378521"]
[Date "2008.3.28"]
[Round "-"]
[White "Broly"]
[Black "Donidon"]
[Result "0-1"]
[WhiteElo "2144"]
[BlackElo "2044"]

1. b4 d5 2. Bb2 Bg4 3. Nf3 e6 4. b5 c6 5. e3 Nf6 6. c4 Qb6 7. Bxf6 gxf6 8. bxc6
bxc6 9. cxd5 exd5 10. Nc3 Nd7 11. Be2 Bb4 12. O-O Bxf3 13. Bxf3 Ne5 14. Rc1 Qa5
15. Be2 Rb8 16. f4 Ng6 17. Rf3 O-O 18. Rh3 Rfc8 19. f5 Ne5 20. Bf1 Bxc3 21. Rxc3
Rb2 22. a3 Rcb8 23. Qe1 Rb1 24. Rc1 Rxc1 25. Qxc1 Rb3 26. Qe1 Kf8 27. Rxh7 Ke7
28. Qd1 Rxa3 29. Qb1 Qb6 30. Qc1 Rb3 31. Qe1 Rb1 32. Qe2 c5 33. Rh4 Qa5 34. Rf4
c4 0-1

[Event "Let's Play Chess!"]
[Site "http://www.queenalice.com/game.php?id=378522"]
[Date "2008.3.29"]
[Round "-"]
[White "Strogenstein"]
[Black "Broly"]
[Result "0-1"]
[WhiteElo "1821"]
[BlackElo "1950"]

1. e4 e5 2. Nf3 Nc6 3. d4 exd4 4. Nxd4 Bc5 5. Nxc6 Qf6 6. Qe2 dxc6 7. g3 Be6 8.
Bg2 O-O-O 9. O-O h5 10. a3 h4 11. Nc3 hxg3 12. hxg3 Qg6 13. Be3 Qh7 14. f3 Bc4
15. Qxc4 Bxe3+ 16. Rf2 Qh2+ 17. Kf1 Rd2 18. Rxd2 Qg1+ 19. Ke2 Qf2+ 0-1

[Event "Let's Play Chess!"]
[Site "http://www.queenalice.com/game.php?id=380440"]
[Date "2008.4.2"]
[Round "-"]
[White "Broly"]
[Black "Augustodombosco"]
[Result "1-0"]
[WhiteElo "2134"]
[BlackElo "1851"]

1. e4 e5 2. Nf3 Nc6 3. Bc4 Bc5 4. c3 Nf6 5. d4 exd4 6. cxd4 Bb4+ 7. Bd2 Nxe4 8.
Bxb4 Nxb4 9. Bxf7+ Kxf7 10. Qb3+ d5 11. Ne5+ Ke8 12. Qxb4 Qf6 13. O-O Rf8 14.
Nc3 c6 15. Rae1 Kd8 16. Nxd5 cxd5 17. Qa5+ b6 18. Qxd5+ Nd6 19. Qxa8 1-0

[Event "Let's Play Chess!"]
[Site "http://www.queenalice.com/game.php?id=380441"]
[Date "2008.4.2"]
[Round "-"]
[White "Augustodombosco"]
[Black "Broly"]
[Result "0-1"]
[WhiteElo "1814"]
[BlackElo "2063"]

1. e4 e5 2. Nf3 Nc6 3. Bb5 a6 4. Bxc6 dxc6 5. O-O Qd6 6. b3 Bg4 7. d3 O-O-O 8.
h3 Bxf3 9. Qxf3 Qd4 10. Qxf7 Qxa1 11. Bg5 Nf6 12. Bxf6 gxf6 13. Qxf6 Bc5 14. a4
Rdf8 15. Qh4 Rxf2 16. Rxf2 Rf8 0-1

[Event "Partida Abril #9"]
[Site "http://www.queenalice.com/game.php?id=381860"]
[Date "2008.4.4"]
[Round "-"]
[White "Broly"]
[Black "SRIVERO"]
[Result "1-0"]
[WhiteElo "2084"]
[BlackElo "1766"]

1. b4 e5 2. Bb2 d6 3. e3 a5 4. b5 c6 5. a4 Nf6 6. c4 Be6 7. Nf3 Nbd7 8. d4 Be7
9. dxe5 dxe5 10. Nbd2 O-O 11. Be2 cxb5 12. cxb5 b6 13. O-O Rc8 14. Nxe5 Nxe5 15.
Bxe5 Bb4 16. Nf3 Qxd1 17. Rfxd1 Ne4 18. Rac1 f6 19. Bd4 Bc5 20. Bd3 Bxd4 21.
Nxd4 Bd5 22. Nf5 Rxc1 23. Rxc1 Kf7 24. Bxe4 Bxe4 25. Nd6+ Ke6 26. Nxe4 Rd8 27.
Kf1 Ke5 28. f3 f5 29. Nf2 g5 30. Ke2 f4 31. Nd3+ Kf5 32. Rc6 Rb8 33. e4# 1-0

[Event "Partida Abril #10"]
[Site "http://www.queenalice.com/game.php?id=381861"]
[Date "2008.4.4"]
[Round "-"]
[White "SRIVERO"]
[Black "Broly"]
[Result "0-1"]
[WhiteElo "1783"]
[BlackElo "2128"]

1. d4 c5 2. c3 Nf6 3. Nf3 b6 4. a3 Bb7 5. Bf4 e6 6. e3 Be7 7. Bc4 O-O 8. O-O Nh5
9. Nbd2 Nxf4 10. exf4 Qc7 11. g3 Bf6 12. Re1 cxd4 13. Nxd4 d5 14. Bd3 Nd7 15.
Qc2 g6 16. N2f3 Nc5 17. Ne5 Nxd3 18. Qxd3 Bg7 19. Nb5 Qd8 20. h4 Re8 21. f3 f6
22. Ng4 a6 23. Nd4 e5 24. fxe5 fxe5 25. Nc2 Qc7 26. Kg2 Rf8 27. Re2 Rad8 28.
Rae1 e4 29. fxe4 dxe4 30. Qe3 Rf3 31. Nh6+ Bxh6 32. Qxh6 Qxg3+ 33. Kh1 Qh3+ 34.
Rh2 Rf1+ 0-1

[Event "Let's Play Chess!"]
[Site "http://www.queenalice.com/game.php?id=382722"]
[Date "2008.4.5"]
[Round "-"]
[White "Broly"]
[Black "DrD"]
[Result "1-0"]
[WhiteElo "2004"]
[BlackElo "1957"]

1. b4 e6 2. Bb2 Nf6 3. b5 a6 4. e3 axb5 5. Bxb5 c6 6. Be2 d5 7. f4 Nbd7 8. Nf3
Bd6 9. O-O O-O 10. Qe1 Re8 11. Be5 Bxe5 12. fxe5 Ng4 13. Qg3 Nh6 14. d4 Nf5 15.
Qf2 c5 16. Nbd2 c4 17. e4 Ne7 18. Ng5 Rf8 19. Bh5 g6 20. Qh4 h6 21. Bxg6 Nxg6
22. Qxh6 Re8 23. Qh7+ 1-0

[Event "Let's Play Chess!"]
[Site "http://www.queenalice.com/game.php?id=382723"]
[Date "2008.4.5"]
[Round "-"]
[White "DrD"]
[Black "Broly"]
[Result "0-1"]
[WhiteElo "1998"]
[BlackElo "2095"]

1. e4 e5 2. Nf3 Nc6 3. d4 exd4 4. Nxd4 Bc5 5. Be3 Qf6 6. c3 Nge7 7. Be2 O-O 8.
O-O d5 9. Bf3 Ne5 10. exd5 Bxd4 11. Bxd4 Nxf3+ 12. gxf3 Qg5+ 13. Kh1 Qxd5 14.
Rg1 Nf5 15. Na3 Nxd4 16. cxd4 Be6 17. Nc2 Rad8 18. Qe2 Rfe8 19. Qe4 Qb5 20. Qe5
Qxe5 21. dxe5 Rd2 22. Ne3 Rxf2 23. Ng4 Bxg4 24. fxg4 Rxe5 25. Rad1 Kf8 26. Rd7
Ree2 0-1

[Event "Let's Play Chess!"]
[Site "http://www.queenalice.com/game.php?id=382841"]
[Date "2008.4.9"]
[Round "-"]
[White "Broly"]
[Black "BruceA"]
[Result "0-1"]
[WhiteElo "2007"]
[BlackElo "2044"]

1. b4 e5 2. Bb2 Bxb4 3. Bxe5 Nf6 4. Nf3 Nc6 5. Bb2 d5 6. a3 Bd6 7. e3 O-O 8. c4
Re8 9. cxd5 Nxd5 10. Be2 Qe7 11. O-O Bf5 12. Re1 h6 0-1

[Event "Let's Play Chess!"]
[Site "http://www.queenalice.com/game.php?id=382923"]
[Date "2008.4.7"]
[Round "-"]
[White "Lightningzap007"]
[Black "Broly"]
[Result "1-0"]
[WhiteElo "2122"]
[BlackElo "2021"]

1. e4 e5 2. Nf3 Nc6 3. Bb5 a6 4. Ba4 Nf6 5. O-O Be7 6. Re1 b5 7. Bb3 O-O 8. d4
d6 9. d5 Na5 10. c3 Nxb3 11. axb3 Bb7 12. Nbd2 Nd7 13. b4 f5 14. b3 1-0

[Event "Let's Play Chess!"]
[Site "http://www.queenalice.com/game.php?id=383869"]
[Date "2008.4.7"]
[Round "-"]
[White "LaBourdonnais"]
[Black "Broly"]
[Result "1-0"]
[WhiteElo "1969"]
[BlackElo "2051"]

1. d4 e6 2. c4 Nf6 3. Nc3 Bb4 4. Qc2 O-O 5. Nf3 c5 6. dxc5 Na6 7. g3 Nxc5 8. Bg2
Nce4 9. O-O Nxc3 10. bxc3 Be7 11. e4 d6 12. e5 dxe5 13. Nxe5 Qc7 14. Qe2 Bd6 15.
Re1 Rd8 16. Bg5 1-0

[Event "Let's Play Chess!"]
[Site "http://www.queenalice.com/game.php?id=383870"]
[Date "2008.4.7"]
[Round "-"]
[White "Broly"]
[Black "LaBourdonnais"]
[Result "0-1"]
[WhiteElo "2083"]
[BlackElo "1948"]

1. b4 d5 2. Bb2 Nf6 3. e3 e6 4. b5 c5 5. f4 Be7 6. Nf3 O-O 7. Be2 Bd7 8. O-O a6
9. a4 axb5 10. axb5 Rxa1 11. Bxa1 Qa5 12. Bc3 Qb6 13. Bxf6 Bxf6 14. c4 dxc4 15.
Bxc4 Qa5 0-1

[Event "Let's Play Chess!"]
[Site "http://www.queenalice.com/game.php?id=383992"]
[Date "2008.4.9"]
[Round "-"]
[White "Broly"]
[Black "DrD"]
[Result "1-0"]
[WhiteElo "2103"]
[BlackElo "2040"]

1. e4 c5 2. Nf3 d6 3. d4 cxd4 4. Nxd4 Nf6 5. Nc3 a6 6. Be3 Ng4 7. Bg5 h6 8. Bh4
g5 9. Bg3 Bg7 10. Be2 h5 11. Bxg4 Bxg4 12. f3 Bd7 13. Bf2 Nc6 14. Qd2 Ne5 15. b3
Qa5 16. Nd5 Qxd2+ 17. Kxd2 Rc8 18. Be3 Bh6 19. Nb6 Rd8 20. Nxd7 Nxd7 21. Nf5 f6
22. h4 Ne5 23. hxg5 Bxg5 24. f4 e6 25. Ng7+ Kf7 26. Nxh5 Kg6 27. Ng3 Bh4 28. Rh3
Ng4 29. Rah1 Nxe3 30. Kxe3 Bxg3 31. Rxh8 Rd7 32. R1h6+ Kf7 33. f5 exf5 34. exf5
Re7+ 35. Kf3 1-0

[Event "Let's Play Chess!"]
[Site "http://www.queenalice.com/game.php?id=384374"]
[Date "2008.4.9"]
[Round "-"]
[White "Broly"]
[Black "Carlos75"]
[Result "0-1"]
[WhiteElo "2129"]
[BlackElo "2459"]

1. b4 e5 2. Bb2 Bxb4 3. Bxe5 Nf6 4. Nf3 d5 5. e3 Nc6 6. Bb2 O-O 7. a3 Bd6 8. c4
dxc4 9. Bxc4 Na5 10. Be2 Be6 11. O-O Nb3 0-1

[Event "Let's Play Chess!"]
[Site "http://www.queenalice.com/game.php?id=384375"]
[Date "2008.4.9"]
[Round "-"]
[White "Carlos75"]
[Black "Broly"]
[Result "1-0"]
[WhiteElo "2480"]
[BlackElo "2025"]

1. e4 c5 2. Nf3 d6 3. d4 cxd4 4. Nxd4 Nf6 5. Nc3 a6 6. Be3 e6 7. Be2 Be7 8. f4
Qc7 9. O-O Nc6 10. Qe1 O-O 11. Rd1 Bd7 12. Qg3 Kh8 13. a3 b5 14. Bd3 Rab8 15.
Na2 d5 16. e5 Ne4 17. Bxe4 dxe4 18. Nb3 b4 19. Nc5 1-0

[Event "É TUDO OU NADA!"]
[Site "http://www.queenalice.com/game.php?id=387588"]
[Date "2008.4.15"]
[Round "-"]
[White "Broly"]
[Black "arq40"]
[Result "0-1"]
[WhiteElo "1990"]
[BlackElo "1859"]

1. b4 e5 2. Bb2 d6 3. e3 Be7 4. f4 Bf6 5. fxe5 Bxe5 6. Bxe5 dxe5 7. Nf3 Nc6 8.
b5 Nb4 9. a3 Nd5 10. c4 Nb6 11. Nc3 e4 12. Nxe4 Nf6 13. Qc2 Bf5 0-1

[Event "Let's Play Chess!"]
[Site "http://www.queenalice.com/game.php?id=387815"]
[Date "2008.4.18"]
[Round "-"]
[White "TcheRenato"]
[Black "Broly"]
[Result "1-0"]
[WhiteElo "2351"]
[BlackElo "2025"]

1. e4 c5 2. Nc3 d6 3. Nf3 Nf6 4. Bc4 e6 5. O-O Be7 6. d4 cxd4 7. Nxd4 O-O 8. Be3
Nc6 9. Qe2 Nxd4 10. Bxd4 e5 11. Be3 1-0